12 mois en 15 secondes - Statistiques

Statistiques générales
  • Ce quiz a été pris 1 616 fois
  • Le résultat moyen est 8 sur 12
Statistiques - réponses
Réponse % Correct
Janvier
97%
Février
89%
Mars
89%
Mai
86%
Avril
85%
Juin
85%
Juillet
79%
Août
72%
Septembre
56%
Octobre
46%
Novembre
31%
Décembre
22%
Aucun quiz correspondant
Distribution des résultats
% des personnes avec chaque résultat
Percentile par nombre de réponses
Votre historique - résultats
Vous n’avez pas pris ce quiz